| 000 | 00912nam a22002177a 4500 | ||
|---|---|---|---|
| 999 |
_c16210 _d16210 |
||
| 003 | AR-CdUCM | ||
| 008 | 190502b ||||| |||| 00| 0 spa d | ||
| 040 |
_aMUNICIPALIDAD PROVINCIAL DEL CUSCO _cBIBLIOTECA MUNICIPAL DEL CUSCO |
||
| 082 |
_a970.35 / _bC75 |
||
| 100 |
_aColón, Fernando _935511 |
||
| 245 | _aHistoria del almirante de las Indias don Cristobal Colón / | ||
| 260 |
_aMéxico D.F. : _bLatino Americana, _c1958. |
||
| 300 |
_a325 paginas ; _c20 cm. |
||
| 505 | _aContenido : De la patria, origen y nombre del almirante Cristobal Colón -- De la disposición del cuerpo del almirante y de las ciencias que aprendió -- De los ejercicios en que se ocupo el almirante antes de venir a España... | ||
| 650 |
_aCristobal Colón _914110 |
||
| 650 |
_aAlmirante _935512 |
||
| 650 |
_aRey de Portugal _935513 |
||
| 650 |
_aReyes de España _935514 |
||
| 942 |
_2ddc _cLIBROS |
||
| 945 |
_awnts _d2019-05-2 |
||